000 00839nam a2200205 4500
010 _aB-045759
035 _aB-045759
037 _bCen Lib / Ret
040 _aDPL
_bEN
082 _a581.0947
_bFLO
245 _aFlora of the USSR :
_cedited by B. K. Schischkin [and] E. G. Bobrov
260 _aWashington
_bSmithsonian Institution Libraries
_c2000
270 _aSmithsonian Institution Libraries
_bWashington
300 _av 23. 733 ; v 26. 892 v 28. 649 ; v 29. 795 ;
_b24cm(Hb)
505 _av 23. Bignoniaceae - Valerianaceae ; v 26. Compositae tribes anthemideae, Senesioneae and Calenduleae v 28. Compositae tribes cynareae adn mutisieae ; ; v 29. Compositae tribe cichorieae ;
650 _aPlants -- Identification
650 _aPlants
700 _aBobrov, E. G.
942 _2ddc
_cEN
_h581.0947
_mFLO
999 _c136767
_d136767